| 000 | 00817nas a2200277 4500 | ||
|---|---|---|---|
| 001 | BR0200167 | ||
| 003 | BR-BrBNA | ||
| 005 | 20231205102622.0 | ||
| 007 | ta | ||
| 008 | 230509b bl.|||p| |||| 00| 00por d | ||
| 040 |
_aBR-BrBNA _bpor _cBiblioteca Nacional de Agricultura |
||
| 041 | _a(Pt) | ||
| 072 | _aF30 | ||
| 100 | 1 | _aResende, M.D.V. de | |
| 100 | 1 | _aMora, A.D. | |
| 100 | 1 | _aHiga, A.R. | |
| 100 | 1 | _aPaludzyszyn Filho, E. | |
| 245 | 1 | _aEfeito do tamanho amostral na estimativa da herdabilidade em especies perenes | |
| 500 | _aPubl. nov 2000 | ||
| 650 | _aAcacia Negra | ||
| 650 | _aAmostragem | ||
| 650 | _aModelo Matematico | ||
| 773 | 0 |
_tFloresta (Brazil) _xISSN 0015-3826 _g(Jun-Dec 1998), v. 28(1-2) p. 51-63 _wBR0200167 |
|
| 909 |
_a202311 _bLúcia _c55 _dLúcia Elande |
||
| 942 |
_2AGRIS _n0 _cANA |
||
| 999 |
_c168470 _d168470 |
||